K některým specifikům měnové politiky v ČR

Dva problémy menovej politiky, v ktorých sa prejavila špecifická pozícia českej transformujúcej sa ekonomiky. Stabilný menový kurz ako ukotvenie ostatných menových veličín. Menová politika a medzipodniková zadlženosť.

Salvato in:
Dettagli Bibliografici
Autore principale: Janáčková, Stanislava
Natura: Capitolo di libro
Lingua:ceco
Soggetti:
Tags: Aggiungi Tag
Nessun Tag, puoi essere il primo ad aggiungerne!!

MARC

LEADER 00000naa a2200000 4500
001 r017091
005 20221205090232.3
041 0 |a cze 
044 |a CZ 
245 1 0 |a K některým specifikům měnové politiky v ČR  |c Stanislava Janáčková 
520 |a Dva problémy menovej politiky, v ktorých sa prejavila špecifická pozícia českej transformujúcej sa ekonomiky. Stabilný menový kurz ako ukotvenie ostatných menových veličín. Menová politika a medzipodniková zadlženosť. 
610 2 0 |a politika menová 
610 2 0 |a Česko 
610 2 0 |a kurz menový 
610 2 0 |a inflácia 
610 2 0 |a ceny 
610 2 0 |a hladina cenová 
610 2 0 |a zadlženosť 
610 2 0 |a podnik 
610 2 0 |a produkt domáci hrubý 
100 1 |a Janáčková, Stanislava